|
|
|
|
| LEADER |
01699nam a2200385 a 4500 |
| 001 |
000656550 |
| 003 |
CZ BrMZK |
| 005 |
20100520095435.0 |
| 007 |
ta |
| 008 |
030310s2003 xr a f 000 0 cze d |
| 015 |
|
|
|a cnb001242524
|
| 020 |
|
|
|a 80-7157-650-6
|q (brož.)
|
| 035 |
|
|
|a (OCoLC)53272573
|
| 040 |
|
|
|a BOA001
|b cze
|
| 072 |
|
7 |
|a 674
|x Dřevo. Dřevařský průmysl
|2 Konspekt
|9 19
|
| 080 |
|
|
|a 674.812-419.3
|2 MRF
|
| 080 |
|
|
|a 674.038.1
|2 MRF
|
| 080 |
|
|
|a (048.8)
|2 MRF
|
| 100 |
1 |
|
|a Král, Pavel,
|d 1959-
|7 jo2002103142
|4 aut
|
| 245 |
1 |
0 |
|a Konstrukce a vlastnosti povrchově upravených vodovzdorných překližek /
|c Pavel Král, Jaroslav Hrázský
|
| 250 |
|
|
|a Vyd. 1.
|
| 260 |
|
|
|a Brno :
|b Mendelova zemědělská a lesnická univerzita,
|c 2003
|
| 300 |
|
|
|a 80 s. :
|b il. ;
|c 21 cm
|
| 490 |
1 |
|
|a Folia Universitatis Agriculturae et Silviculturae Mendelianae Brunensis. Facultas Silviculturae et Technologiae Ligni
|
| 504 |
|
|
|a Obsahuje bibliografii
|
| 650 |
0 |
7 |
|a překližky
|7 ph124903
|2 czenas
|
| 650 |
0 |
7 |
|a vlastnosti dřeva
|7 ph170646
|2 czenas
|
| 655 |
|
7 |
|a studie
|7 fd133597
|2 czenas
|
| 700 |
1 |
|
|a Hrázský, Jaroslav,
|d 1949-
|7 mzk2004227815
|4 aut
|
| 710 |
2 |
|
|a Mendelova zemědělská a lesnická univerzita.
|b Lesnická a dřevařská fakulta
|7 ko2001100079
|
| 830 |
|
0 |
|a Folia Universitatis Agriculturae et Silviculturae Mendelianae Brunensis.
|p Facultas Silviculturae et Technologiae Ligni
|0 s
|
| 856 |
4 |
1 |
|u http://www.digitalniknihovna.cz/mzk/uuid/uuid:4968a840-75a7-11e2-86a5-005056827e52
|y Digitalizovaný dokument
|x NDK
|
| 910 |
|
|
|a BOA001
|b 2-1112.470
|
| 990 |
|
|
|a BK
|
| 996 |
6 |
|
|b 2610183859
|c 2-1112.470
|l MZK
|r Sklad / do 1 hodiny
|n 8
|p p.v.
|w 000656550
|u 000010
|a 1
|e BOA001
|j MZK50
|s P
|